Business forcasting (Record no. 4521)

MARC details
000 -LEADER
fixed length control field 00397nam a22001697a 4500
005 - DATE AND TIME OF LATEST TRANSACTION
control field 20160628153520.0
008 - FIXED-LENGTH DATA ELEMENTS--GENERAL INFORMATION
fixed length control field 160628b xxu||||| |||| 00| 0 eng d
020 ## - INTERNATIONAL STANDARD BOOK NUMBER
ISBN 81-203-2118-9
041 ## - LANGUAGE CODE
Language code of text/sound track or separate title eng
082 ## - DEWEY DECIMAL CLASSIFICATION NUMBER
Item number 10942
100 ## - MAIN ENTRY--AUTHOR NAME
Personal name Hanhe, John E and others
245 ## - TITLE STATEMENT
Title Business forcasting
260 ## - PUBLICATION, DISTRIBUTION, ETC. (IMPRINT)
Place of publication Business forcasting
300 ## - PHYSICAL DESCRIPTION
Number of Pages 454
650 ## - SUBJECT ADDED ENTRY--TOPICAL TERM
Topical Term Management
942 ## - ADDED ENTRY ELEMENTS (KOHA)
Koha item type Books
Holdings
Lost status Damaged status Collection code Home library Current library Shelving location Date acquired Cost, normal purchase price Full call number Accession Number Koha item type
    MANAGEMENT JRU Library JRU Library SHELF- 67 F 28/06/2016 295.00 658.403 10942 Books